| 000 | 00723nam a22002417a 4500 | ||
|---|---|---|---|
| 005 | 20170123162337.0 | ||
| 010 | _a132060 | ||
| 020 | _c3.00 | ||
| 035 | _a132060 | ||
| 037 | _bCen Lib/Ret | ||
| 040 |
_aDPL _bUR |
||
| 082 |
_a921 _bک ب ی |
||
| 245 |
_aکبیر صاحب / _cمنوہر لال زتشی |
||
| 246 |
_aKabeer Sahab / _bby Manohar Lal Zabshi |
||
| 260 |
_aاللہباد _bہندوستان اکادمی |
||
| 270 | _bاللہباد | ||
| 300 |
_a448p _c23cm(Hb) |
||
| 650 |
_aادب -- اردو _9124644 |
||
| 650 |
_aاردو سوانے عمری _9124645 |
||
| 650 |
_aLiterature -- Urdu _9124646 |
||
| 650 |
_aUrdu biography _9511 |
||
| 942 |
_2ddc _cUR _h921 _mک ب ی |
||
| 999 |
_c108204 _d108204 |
||